[Event "DEM U18 2003"]
[Site "Willingen GER"]
[Date "2003.06.11"]
[Round "6"]
[White "Kühner, Christian"]
[Black "Koch, Moritz"]
[Result "1/2-1/2"]
[Termination "normal"]
[Board "8"]
[WhiteElo "2184"]
[BlackElo "2213"]
[PlyCount "49"]
[WhiteFideId "4679440"]
[BlackFideId "4678460"]
[EventCountry "GER"]
[EventRounds "9"]
[EventType "swiss"]
[EventDate "2003.06.07"]

1. c4 c5 2. Nc3 b6 3. Nf3 Bb7 4. g3 Bxf3 5. exf3 Nc6 6. Bg2 g6 7. O-O e6 8. d3
Bg7 9. f4 Nge7 10. Qd2 O-O 11. Rb1 Nf5 12. Ne2 Rc8 13. b3 Nfd4 14. Nxd4 Bxd4
15. a3 Qf6 16. Bxc6 dxc6 17. Bb2 Rfd8 18. Bxd4 Rxd4 19. Rfe1 Rcd8 20. Re3 R8d6
21. Kf1 b5 22. Qc2 Qf5 23. Rd1 Qh5 24. Kg2 f6 25. Rc1 1/2-1/2

[Event "DEM U18 2003"]
[Site "Willingen GER"]
[Date "2003.06.11"]
[Round "6"]
[White "Grieger, Thomas"]
[Black "Opitz, Alexander"]
[Result "1-0"]
[Termination "normal"]
[Board "9"]
[WhiteElo "2044"]
[BlackElo "2057"]
[PlyCount "59"]
[WhiteFideId "4686616"]
[EventCountry "GER"]
[EventRounds "9"]
[EventType "swiss"]
[EventDate "2003.06.07"]

1. e4 c5 2. Ne2 d6 3. g3 g6 4. Bg2 Bg7 5. c3 Nc6 6. O-O Nf6 7. d3 O-O 8. f4 Qc7
9. h3 Nd7 10. f5 b5 11. g4 Rb8 12. Be3 Nce5 13. a3 a5 14. Qc2 Ba6 15. Nd2 b4
16. c4 bxa3 17. b3 Nc6 18. Rxa3 Nb4 19. Qb1 Bb7 20. g5 f6 21. Nf4 Qb6 22. fxg6
fxg5 23. gxh7+ Kxh7 24. Ne6 Rf6 25. Nf3 Ne5 26. Nfxg5+ Kg8 27. Qd1 Bc8 28. Qh5
Bxe6 29. Qh7+ Kf8 30. Nxe6+ 1-0

[Event "DEM U18 2003"]
[Site "Willingen GER"]
[Date "2003.06.11"]
[Round "6"]
[White "Jovalekic, Oliver"]
[Black "Rezasade, Amir"]
[Result "1-0"]
[Termination "normal"]
[Board "11"]
[WhiteElo "2152"]
[BlackElo "2103"]
[PlyCount "85"]
[WhiteFideId "4682530"]
[BlackFideId "4692950"]
[EventCountry "GER"]
[EventRounds "9"]
[EventType "swiss"]
[EventDate "2003.06.07"]

1. Nf3 c5 2. e4 e6 3. b3 Nf6 4. e5 Nd5 5. g3 Nc6 6. Bb2 Be7 7. c4 Nc7 8. Bg2
O-O 9. O-O d6 10. exd6 Qxd6 11. Nc3 Rd8 12. Qe2 Rb8 13. Rfd1 Nd4 14. Nxd4 cxd4
15. Ne4 Qd7 16. f4 b6 17. Nf2 Bb7 18. Nd3 Na6 19. Re1 Bxg2 20. Qxg2 Nb4 21.
Nxb4 Bxb4 22. a3 Be7 23. b4 a5 24. b5 Qc7 25. d3 Bf6 26. Qe4 Qd7 27. Re2 g6 28.
Rf1 Re8 29. g4 Bg7 30. g5 Rbd8 31. Rf3 h5 32. gxh6 Bxh6 33. Rg2 Bg7 34. h4 Re7
35. h5 f5 36. Qe1 gxh5 37. Qh4 Qe8 38. Rfg3 Rdd7 39. Rg5 Rf7 40. Rxh5 Kf8 41.
a4 Qd8 42. Rh8+ Bxh8 43. Qxh8+ 1-0

[Event "DEM U18 2003"]
[Site "Willingen GER"]
[Date "2003.06.11"]
[Round "6"]
[White "Schnock, Stefan"]
[Black "Rehfeldt, Frank"]
[Result "0-1"]
[Termination "normal"]
[Board "12"]
[WhiteElo "2037"]
[BlackElo "1922"]
[PlyCount "96"]
[WhiteFideId "4696646"]
[EventCountry "GER"]
[EventRounds "9"]
[EventType "swiss"]
[EventDate "2003.06.07"]

1. e4 c6 2. Nc3 d5 3. Nf3 dxe4 4. Nxe4 Bg4 5. h3 Bh5 6. Ng3 Bxf3 7. Qxf3 Nf6 8.
d3 e6 9. Bd2 Nbd7 10. O-O-O Qc7 11. Ne4 Nxe4 12. dxe4 Bd6 13. Qg4 Rg8 14. Qh4
h6 15. f4 Be7 16. Qf2 Bc5 17. Be3 Qb6 18. Bxc5 Qxc5 19. Qxc5 Nxc5 20. Bc4 Ke7
21. Rd4 Rad8 22. Rhd1 Rxd4 23. Rxd4 Rd8 24. Rxd8 Kxd8 25. f5 f6 26. b4 Nxe4 27.
Bxe6 Ke7 28. c4 b6 29. Kc2 Kd6 30. Kd3 Ke5 31. Ke3 Ng3 32. a4 c5 33. bxc5 bxc5
34. Bc8 Nxf5+ 35. Kd3 a5 36. Bb7 Kf4 37. Bc6 Nd6 38. Bd5 h5 39. Bc6 Nf7 40. Bd5
Ne5+ 41. Ke2 h4 42. Kd2 Nd7 43. Bc6 Nb6 44. Kd3 g5 45. Bb5 f5 46. Bc6 Kg3 47.
Kc3 g4 48. hxg4 fxg4 0-1

[Event "DEM U18 2003"]
[Site "Willingen GER"]
[Date "2003.06.11"]
[Round "6"]
[White "Suchin, Dimitry"]
[Black "Walter, Stefan"]
[Result "1/2-1/2"]
[Termination "normal"]
[Board "13"]
[WhiteElo "2043"]
[BlackElo "2100"]
[PlyCount "62"]
[WhiteFideId "4671015"]
[BlackFideId "4686608"]
[EventCountry "GER"]
[EventRounds "9"]
[EventType "swiss"]
[EventDate "2003.06.07"]

1. e4 g6 2. d4 Bg7 3. c4 Nc6 4. d5 Nd4 5. Ne2 e5 6. Nxd4 exd4 7. Bd3 d6 8. O-O
c6 9. Re1 Ne7 10. Nd2 O-O 11. Nf3 Bg4 12. h3 Bxf3 13. Qxf3 Qb6 14. Re2 Rad8 15.
Bg5 f6 16. Bh4 Kh8 17. Rae1 Ng8 18. Bg3 Nh6 19. h4 Nf7 20. Rc2 Rde8 21. Qd1 Qa5
22. Rce2 Re7 23. Bb1 Qb6 24. Qb3 Qxb3 25. axb3 Rfe8 26. Bd3 c5 27. Kf1 b6 28.
Ra1 a5 29. Ree1 Bh6 30. Re2 Ra7 31. Bh2 Bf8 1/2-1/2

[Event "DEM U18 2003"]
[Site "Willingen GER"]
[Date "2003.06.12"]
[Round "7"]
[White "Seifert, Volker"]
[Black "Gasthofer, Alexander"]
[Result "1/2-1/2"]
[Termination "normal"]
[Board "2"]
[WhiteElo "2319"]
[BlackElo "2316"]
[PlyCount "175"]
[WhiteFideId "4658060"]
[BlackFideId "4655150"]
[EventCountry "GER"]
[EventRounds "9"]
[EventType "swiss"]
[EventDate "2003.06.07"]

1. d4 d6 2. e4 Nf6 3. f3 Nbd7 4. c4 e5 5. d5 c6 6. Be3 Be7 7. Nc3 O-O 8. Bd3
Ne8 9. Nge2 Bg5 10. Bf2 a6 11. O-O c5 12. a3 Nc7 13. b4 b6 14. Kh1 Qe7 15. Qc2
a5 16. bxa5 Rxa5 17. Rfb1 Bb7 18. Be1 Ra6 19. Nd1 Rfa8 20. Qb3 Bc8 21. Nec3 Nf8
22. Nb5 h5 23. Ra2 Ng6 24. Rba1 Kh7 25. a4 Ne8 26. Bf1 Qb7 27. Qc2 Qe7 28. Ra3
Qb7 29. Nb2 Qe7 30. Rb3 Nf8 31. Qd1 g6 32. Qc2 Nd7 33. Rba3 Nf8 34. Nd1 Qb7 35.
Bd3 Qe7 36. Qe2 Qb7 37. Bc2 Qe7 38. R3a2 Qd7 39. Rb1 Qe7 40. Rab2 Qd8 41. Qf2
Qe7 42. Ndc3 Bh6 43. Ne2 Nf6 44. Bc3 Bg5 45. g3 Bh3 46. Ng1 Bc8 47. Kg2 Bh6 48.
Rf1 g5 49. Bd2 Ng6 50. Rbb1 Kg7 51. Rbe1 Nh7 52. Be3 Bd7 53. Qd2 h4 54. Nc7
Bh3+ 55. Nxh3 Qxc7 56. Nxg5 Nxg5 57. Bxg5 Rh8 58. Bxh6+ Rxh6 59. Qg5 Ra8 60. f4
Qe7 61. Qxe7 Nxe7 62. Rb1 hxg3 63. hxg3 Rah8 64. Rh1 Rxh1 65. Rxh1 Rxh1 66.
Kxh1 exf4 67. gxf4 Ng6 68. e5 Nxf4 69. exd6 Kf8 70. Bf5 Ne2 71. Bd7 Nc3 72. Bb5
Ne4 73. d7 Ke7 74. Kg2 Nd6 75. Kf3 f6 76. Kf4 Nb7 77. Kf5 Nd6+ 78. Kg6 Nb7 79.
Kf5 Nd6+ 80. Kg4 Nb7 81. Kf4 Nd6 82. Kg4 Kd8 83. Kh5 Ke7 84. Kg6 Nb7 85. Ba6
Nd8 86. Kf5 Nf7 87. Bb5 Nd6+ 88. Kg6 1/2-1/2

[Event "DEM U18 2003"]
[Site "Willingen GER"]
[Date "2003.06.12"]
[Round "7"]
[White "Schaffer, Hendrik"]
[Black "Bindrich, Falko"]
[Result "1/2-1/2"]
[Termination "normal"]
[Board "3"]
[WhiteElo "2191"]
[BlackElo "2284"]
[PlyCount "69"]
[WhiteFideId "4663080"]
[BlackFideId "4676670"]
[EventCountry "GER"]
[EventRounds "9"]
[EventType "swiss"]
[EventDate "2003.06.07"]

1. d4 Nf6 2. c4 g6 3. Nc3 Bg7 4. e4 d6 5. f3 O-O 6. Be3 c5 7. Nge2 Nbd7 8. Qd2
a6 9. d5 b5 10. cxb5 Ne5 11. Nc1 axb5 12. Nxb5 Ba6 13. a4 Qb8 14. Na2 c4 15.
Nac3 Bxb5 16. Nxb5 Qxb5 17. axb5 Rxa1+ 18. Ke2 Nfd7 19. Bd4 Nc5 20. b4 Nb3 21.
Bxa1 Nxd2 22. Kxd2 Ra8 23. Bxe5 Ra2+ 24. Ke3 Ra3+ 25. Kf2 Ra2+ 26. Ke3 Ra3+ 27.
Kd2 Ra2+ 28. Kc3 Bxe5+ 29. Kxc4 Rc2+ 30. Kd3 Rb2 31. Be2 Rxb4 32. Kd2 Bd4 33.
Rc1 Rb2+ 34. Kd1 Bc5 35. Ra1 1/2-1/2

[Event "DEM U18 2003"]
[Site "Willingen GER"]
[Date "2003.06.12"]
[Round "7"]
[White "Rau, Hannes"]
[Black "Hort, Alexej"]
[Result "1-0"]
[Termination "normal"]
[Board "4"]
[WhiteElo "2348"]
[BlackElo "2015"]
[PlyCount "115"]
[WhiteFideId "4657594"]
[BlackFideId "4678125"]
[EventCountry "GER"]
[EventRounds "9"]
[EventType "swiss"]
[EventDate "2003.06.07"]

1. d4 Nf6 2. c4 g6 3. Nc3 Bg7 4. e4 d6 5. Nf3 O-O 6. Be2 e5 7. O-O Nc6 8. d5
Ne7 9. b4 Nh5 10. Re1 f5 11. Ng5 Nf6 12. f3 Kh8 13. Qb3 h6 14. Ne6 Bxe6 15.
dxe6 Ne8 16. c5 fxe4 17. fxe4 Nc6 18. Be3 Nd4 19. Bxd4 exd4 20. Nd5 Qg5 21. e7
Rg8 22. cxd6 Nxd6 23. Nxc7 Rac8 24. Nd5 Be5 25. Qf3 Qh4 26. g3 Qg5 27. Qg4 Rc2
28. Qxg5 hxg5 29. Bd3 Rd2 30. Red1 Rb2 31. Rdb1 Rd2 32. Rd1 Rb2 33. a3 Kg7 34.
Rac1 Rh8 35. Rc7 Kf7 36. Rf1+ Ke6 37. Rf8 Rd2 38. Rxh8 Bxh8 39. Bb5 d3 40.
e8=Q+ Nxe8 41. Re7+ Kd6 42. Rxe8 Bd4+ 43. Kf1 a6 44. Bc4 b5 45. e5+ Kc6 46.
Rc8+ Kd7 47. Rc7+ Ke6 48. Re7+ Kf5 49. Bxd3+ Rxd3 50. e6 Ke5 51. Nc7 Rf3+ 52.
Ke2 Re3+ 53. Kd2 Ke4 54. Rd7 Rd3+ 55. Ke2 Re3+ 56. Kf1 Rf3+ 57. Kg2 g4 58.
Rxd4+ 1-0

[Event "DEM U18 2003"]
[Site "Willingen GER"]
[Date "2003.06.12"]
[Round "7"]
[White "Holzschuh, Stephan"]
[Black "Boguslavskyy, Oleg"]
[Result "1/2-1/2"]
[Termination "normal"]
[Board "5"]
[WhiteElo "2107"]
[BlackElo "2299"]
[PlyCount "69"]
[WhiteFideId "4677471"]
[BlackFideId "14113929"]
[EventCountry "GER"]
[EventRounds "9"]
[EventType "swiss"]
[EventDate "2003.06.07"]

1. e4 e5 2. Nf3 Nc6 3. Bc4 Be7 4. O-O Nf6 5. Re1 d6 6. h3 O-O 7. d4 exd4 8.
Nxd4 Ne5 9. Bf1 Re8 10. f4 Ng6 11. Nc3 Bf8 12. g4 d5 13. e5 Ne4 14. Nxe4 dxe4
15. Be3 Bc5 16. c3 Nh4 17. Kh1 Qe7 18. Qc2 Bd7 19. Qf2 Bb6 20. Red1 Rad8 21.
Be2 a6 22. Rd2 c5 23. Nc2 Bc6 24. Rad1 Rxd2 25. Rxd2 Rd8 26. Rxd8+ Qxd8 27. Ne1
c4 28. Kg1 Bxe3 29. Qxe3 b5 30. Kf2 h5 31. Qd4 Qe7 32. Qd6 Qa7+ 33. Qd4 Qe7 34.
Qd6 Qa7+ 35. Qd4 1/2-1/2

[Event "DEM U18 2003"]
[Site "Willingen GER"]
[Date "2003.06.12"]
[Round "7"]
[White "Schlichthaar, Robert"]
[Black "Meinhardt, Maximilian"]
[Result "0-1"]
[Termination "normal"]
[Board "6"]
[WhiteElo "2190"]
[BlackElo "2225"]
[PlyCount "46"]
[WhiteFideId "4672763"]
[BlackFideId "4668766"]
[EventCountry "GER"]
[EventRounds "9"]
[EventType "swiss"]
[EventDate "2003.06.07"]

1. e4 e6 2. d4 d5 3. Nd2 Nf6 4. e5 Nfd7 5. Bd3 c5 6. c3 Nc6 7. Ngf3 Qb6 8. O-O
cxd4 9. cxd4 Nxd4 10. Nxd4 Qxd4 11. Nf3 Qb6 12. Qc2 h6 13. Be3 Bc5 14. Rfe1
Bxe3 15. Rxe3 Nc5 16. Bh7 Bd7 17. Rc1 Na6 18. a3 Ke7 19. Rc3 Rac8 20. Bd3 Rxc3
21. Qxc3 Rc8 22. Qd2 Nc5 23. Bc2 Qxb2 0-1

[Event "DEM U18 2003"]
[Site "Willingen GER"]
[Date "2003.06.12"]
[Round "7"]
[White "Fiebig, Thomas"]
[Black "Kosak, Michael"]
[Result "1/2-1/2"]
[Termination "normal"]
[Board "7"]
[WhiteElo "2255"]
[BlackElo "1959"]
[PlyCount "85"]
[WhiteFideId "4693922"]
[EventCountry "GER"]
[EventRounds "9"]
[EventType "swiss"]
[EventDate "2003.06.07"]

1. e4 c5 2. c3 d5 3. exd5 Qxd5 4. d4 Nf6 5. Nf3 Bg4 6. Nbd2 e6 7. Qa4+ Nbd7 8.
Bc4 Qd6 9. Bb5 cxd4 10. O-O Bxf3 11. Nxf3 a6 12. Nxd4 Rd8 13. Be2 Be7 14. Rd1
Nd5 15. c4 N5b6 16. Qc2 Qc7 17. Be3 O-O 18. Rac1 Nf6 19. a3 Rd7 20. b4 Rc8 21.
Rd2 Bf8 22. Nb3 Rxd2 23. Qxd2 Nbd7 24. Bf4 e5 25. Be3 e4 26. c5 Rd8 27. Bf4 Qc8
28. Qc2 Nb8 29. a4 Nc6 30. b5 axb5 31. axb5 Nb4 32. Qc4 Nd3 33. Bxd3 Rxd3 34.
c6 bxc6 35. bxc6 Bd6 36. Bxd6 Rxd6 37. Nd4 Ne8 38. Nb5 Re6 39. c7 Re7 40. Rd1
Nxc7 41. Rc1 e3 42. fxe3 Qe6 43. Qxe6 1/2-1/2

[Event "DEM U18 2003"]
[Site "Willingen GER"]
[Date "2003.06.12"]
[Round "7"]
[White "Koch, Moritz"]
[Black "Jovalekic, Oliver"]
[Result "1/2-1/2"]
[Termination "normal"]
[Board "8"]
[WhiteElo "2213"]
[BlackElo "2152"]
[PlyCount "104"]
[WhiteFideId "4678460"]
[BlackFideId "4682530"]
[EventCountry "GER"]
[EventRounds "9"]
[EventType "swiss"]
[EventDate "2003.06.07"]

1. e4 c5 2. Nf3 e6 3. c3 d5 4. exd5 exd5 5. d4 Bd6 6. dxc5 Bxc5 7. Bd3 Ne7 8.
O-O O-O 9. Qc2 Ng6 10. Nbd2 Nc6 11. Nb3 Bd6 12. Nbd4 Nxd4 13. Nxd4 Qh4 14. g3
Qh5 15. f4 Bh3 16. Be2 Bg4 17. Bxg4 Qxg4 18. Qf5 Qxf5 19. Nxf5 Bc5+ 20. Be3
Bxe3+ 21. Nxe3 Rad8 22. Rad1 Ne7 23. Rd3 Rd6 24. Rfd1 Rfd8 25. Rd4 f6 26. c4
Kf7 27. cxd5 Nc8 28. Kf2 R6d7 29. Kf3 Nd6 30. Rc1 g6 31. g4 f5 32. h3 Re8 33.
Rd3 h6 34. b3 Kf6 35. Nc4 Nxc4 36. bxc4 b6 37. a4 Re4 38. Re3 Rxe3+ 39. Kxe3
Re7+ 40. Kf3 Re4 41. a5 g5 42. fxg5+ hxg5 43. Rc3 Rf4+ 44. Kg3 fxg4 45. hxg4
Ke5 46. axb6 axb6 47. Rb3 Rxc4 48. Rxb6 Rc3+ 49. Kf2 Kxd5 50. Rg6 Ke4 51. Rxg5
Kf4 52. Rg8 Rf3+ 1/2-1/2

[Event "DEM U18 2003"]
[Site "Willingen GER"]
[Date "2003.06.12"]
[Round "7"]
[White "Grieger, Thomas"]
[Black "Kühner, Christian"]
[Result "1/2-1/2"]
[Termination "normal"]
[Board "9"]
[WhiteElo "2044"]
[BlackElo "2184"]
[PlyCount "44"]
[WhiteFideId "4686616"]
[BlackFideId "4679440"]
[EventCountry "GER"]
[EventRounds "9"]
[EventType "swiss"]
[EventDate "2003.06.07"]

1. e4 c5 2. Nf3 e6 3. Nc3 d6 4. g3 g6 5. Bg2 Bg7 6. O-O Nc6 7. d3 Nge7 8. Be3
Nd4 9. Qd2 Nec6 10. Nd1 O-O 11. c3 Nxf3+ 12. Bxf3 Ne5 13. Be2 h5 14. d4 cxd4
15. Bxd4 b6 16. Ne3 Bb7 17. Qc2 Qc7 18. f4 Ng4 19. Bxg4 hxg4 20. Bxg7 Kxg7 21.
Nxg4 Qc5+ 22. Qf2 Bxe4 1/2-1/2

[Event "DEM U18 2003"]
[Site "Willingen GER"]
[Date "2003.06.12"]
[Round "7"]
[White "Opitz, Alexander"]
[Black "Döhn, Raphael"]
[Result "1/2-1/2"]
[Termination "normal"]
[Board "10"]
[WhiteElo "2057"]
[BlackElo "2009"]
[PlyCount "128"]
[BlackFideId "4695291"]
[EventCountry "GER"]
[EventRounds "9"]
[EventType "swiss"]
[EventDate "2003.06.07"]

1. e4 c5 2. c3 d5 3. exd5 Qxd5 4. d4 Nf6 5. Nf3 Bg4 6. Be2 e6 7. h3 Bh5 8. O-O
Nc6 9. Be3 cxd4 10. cxd4 Bb4 11. Nc3 Qd6 12. Qb3 O-O 13. Rfd1 Rfd8 14. g4 Bg6
15. Ne5 Bxc3 16. Nxc6 Qxc6 17. bxc3 Be4 18. Rac1 Bf3 19. Qb2 Bxe2 20. Qxe2 b5
21. Bg5 Rac8 22. f3 Qc4 23. Kf2 Rd5 24. Bxf6 gxf6 25. Qxc4 Rxc4 26. Ke3 Kf8 27.
f4 Ke7 28. h4 Rd6 29. Rd2 Rdc6 30. Kd3 Kd6 31. a3 Kd5 32. Rb2 a6 33. Rb4 Rc7
34. g5 f5 35. Rbb1 Rc8 36. Rb4 Rh8 37. Re1 Rhc8 38. Rc1 Rb8 39. Re1 Rbc8 40.
Rc1 Kd6 41. Kd2 R8c6 42. Rb3 Kc7 43. Kd3 Kb6 44. Rcb1 Rc8 45. Kd2 Kc6 46. Kd3
Kd7 47. Rg1 Ke7 48. h5 Ra4 49. Ra1 Rac4 50. Rg1 Rg8 51. Rb4 Rgc8 52. Rb3 Kf8
53. Rg2 Kg7 54. Rg1 Ra4 55. Rg2 h6 56. g6 Rh8 57. gxf7+ Kxf7 58. Rg6 Rh7 59.
Kd2 Ke7 60. Ke3 Kd6 61. Kd2 Kd5 62. Kd3 Rc4 63. Rb4 Rcc7 64. a4 Rb7 1/2-1/2

[Event "DEM U18 2003"]
[Site "Willingen GER"]
[Date "2003.06.12"]
[Round "7"]
[White "Rehfeldt, Frank"]
[Black "Pinchuk, Boris"]
[Result "1/2-1/2"]
[Termination "normal"]
[Board "11"]
[WhiteElo "1922"]
[BlackElo "1961"]
[PlyCount "43"]
[EventCountry "GER"]
[EventRounds "9"]
[EventType "swiss"]
[EventDate "2003.06.07"]

1. e4 c5 2. Nf3 e6 3. d4 cxd4 4. Nxd4 a6 5. c4 Nf6 6. Nc3 Qc7 7. a3 Nc6 8. Be3
Be7 9. Be2 O-O 10. Rc1 d6 11. O-O Bd7 12. f3 Rfd8 13. Qe1 d5 14. cxd5 exd5 15.
Nxd5 Nxd5 16. exd5 Qe5 17. dxc6 Qxe3+ 18. Qf2 Qxf2+ 19. Kxf2 Bxc6 20. Nxc6 bxc6
21. Rxc6 Rd2 22. Rfc1 1/2-1/2

[Event "DEM U18 2003"]
[Site "Willingen GER"]
[Date "2003.06.12"]
[Round "7"]
[White "Walter, Stefan"]
[Black "Rezasade, Amir"]
[Result "1-0"]
[Termination "normal"]
[Board "12"]
[WhiteElo "2100"]
[BlackElo "2103"]
[PlyCount "79"]
[WhiteFideId "4686608"]
[BlackFideId "4692950"]
[EventCountry "GER"]
[EventRounds "9"]
[EventType "swiss"]
[EventDate "2003.06.07"]

1. d4 d5 2. c4 e6 3. Nc3 Be7 4. Nf3 Nf6 5. Bg5 h6 6. Bh4 O-O 7. e3 b6 8. cxd5
Nxd5 9. Bxe7 Qxe7 10. Nxd5 exd5 11. Rc1 Be6 12. Qa4 c5 13. Qa3 Rc8 14. Bb5 Qb7
15. dxc5 bxc5 16. Rxc5 Rxc5 17. Qxc5 Na6 18. Bxa6 Qxa6 19. Qa3 Qxa3 20. bxa3
Rb8 21. O-O Rb2 22. Ra1 Bd7 23. h3 Bb5 24. Rc1 Rxa2 25. Rc5 a6 26. Nd4 Bc4 27.
Ra5 Rb2 28. g4 g6 29. Nc6 Rb7 30. Kh2 Kg7 31. Kg3 Kf6 32. Nb4 Ke5 33. Nxa6 Rb1
34. Nb4 Ke4 35. Nc6 Rg1+ 36. Kh2 Ra1 37. Nd4 f5 38. gxf5 gxf5 39. f3+ Kxe3 40.
Nc2+ 1-0

[Event "DEM U18 2003"]
[Site "Willingen GER"]
[Date "2003.06.12"]
[Round "7"]
[White "Nazarenus, Moritz"]
[Black "Lubbe, Nikolas"]
[Result "1/2-1/2"]
[Termination "normal"]
[Board "13"]
[WhiteElo "2117"]
[BlackElo "2127"]
[PlyCount "55"]
[WhiteFideId "4670540"]
[BlackFideId "4694031"]
[EventCountry "GER"]
[EventRounds "9"]
[EventType "swiss"]
[EventDate "2003.06.07"]

1. d4 g6 2. c4 Bg7 3. Nc3 d6 4. e4 Nd7 5. Bg5 c6 6. Nf3 Qc7 7. Be2 Ngf6 8. O-O
O-O 9. Qc2 e5 10. Rad1 a6 11. Rfe1 Re8 12. Bf1 Nf8 13. h3 h6 14. Bc1 g5 15. d5
c5 16. Ne2 Nh5 17. Ng3 Nxg3 18. fxg3 Ng6 19. Nh2 Rf8 20. Bd3 Bd7 21. Bd2 Rac8
22. Rf1 b5 23. b3 b4 24. Be2 Ne7 25. Bg4 Bxg4 26. Nxg4 Qd7 27. Ne3 a5 28. Nf5
1/2-1/2

[Event "DEM U18 2003"]
[Site "Willingen GER"]
[Date "2003.06.12"]
[Round "7"]
[White "Schnock, Stefan"]
[Black "Suchin, Dimitry"]
[Result "1/2-1/2"]
[Termination "normal"]
[Board "14"]
[WhiteElo "2037"]
[BlackElo "2043"]
[PlyCount "134"]
[WhiteFideId "4696646"]
[BlackFideId "4671015"]
[EventCountry "GER"]
[EventRounds "9"]
[EventType "swiss"]
[EventDate "2003.06.07"]

1. e4 e6 2. d4 d5 3. Nd2 c5 4. exd5 Qxd5 5. Ngf3 cxd4 6. Bc4 Qd6 7. O-O Nf6 8.
Nb3 Nc6 9. Re1 a6 10. Nbxd4 Nxd4 11. Qxd4 Qxd4 12. Nxd4 Bd7 13. Bf4 Rc8 14. Bb3
Bc5 15. Nf5 O-O 16. Nd6 Bxd6 17. Bxd6 Rfd8 18. Be7 Re8 19. Bxf6 gxf6 20. Rad1
Bc6 21. Rd4 Rcd8 22. Red1 Rxd4 23. Rxd4 f5 24. c3 Kg7 25. Kf1 Kf6 26. f3 h5 27.
Kf2 Rg8 28. Bc2 Ke7 29. Bd3 Rh8 30. Be2 e5 31. Rd2 h4 32. Bc4 f6 33. Ke2 f4 34.
Bd5 Bxd5 35. Rxd5 Ke6 36. Rd2 f5 37. h3 Re8 38. c4 Rf8 39. c5 e4 40. Rd6+ Ke5
41. Rd7 Rg8 42. Kf1 e3 43. Rxb7 Rd8 44. Ke1 Rd2 45. c6 Rxg2 46. c7 Rc2 47. Kd1
Rc6 48. Ra7 Kd6 49. Rxa6 Kxc7 50. Ra4 Rd6+ 51. Ke1 Rd2 52. Rxf4 Rxb2 53. a4 Rf2
54. Rxf5 Rh2 55. Rh5 Rxh3 56. Ke2 Rh1 57. Kxe3 h3 58. Kf2 Ra1 59. a5 h2 60. Kg2
Ra2+ 61. Kh1 Rf2 62. Rf5 Ra2 63. f4 Kd7 64. Rb5 Ke6 65. Rh5 Kf6 66. Rb5 Kf7 67.
f5 Kf6 1/2-1/2

[Event "DEM U18 2003"]
[Site "Willingen GER"]
[Date "2003.06.13"]
[Round "8"]
[White "Braun, Arik"]
[Black "Gasthofer, Alexander"]
[Result "1/2-1/2"]
[Termination "normal"]
[Board "1"]
[WhiteElo "2324"]
[BlackElo "2316"]
[PlyCount "99"]
[WhiteFideId "4663527"]
[BlackFideId "4655150"]
[EventCountry "GER"]
[EventRounds "9"]
[EventType "swiss"]
[EventDate "2003.06.07"]

1. d4 d5 2. c4 e6 3. Nc3 Be7 4. Nf3 Nf6 5. cxd5 exd5 6. Bg5 c6 7. Qc2 g6 8. e3
Bf5 9. Bd3 Bxd3 10. Qxd3 Nbd7 11. Bh6 Bf8 12. Bf4 Be7 13. h3 O-O 14. O-O-O b5
15. Ne5 Rc8 16. Kb1 b4 17. Ne2 Nxe5 18. Bxe5 Ne4 19. Rhf1 Bd6 20. f3 Bxe5 21.
fxe4 dxe4 22. Qxe4 Bg7 23. Nf4 Re8 24. Qf3 Qe7 25. Nd3 a5 26. Rfe1 a4 27. Nc5
a3 28. b3 Red8 29. Rc1 Rd5 30. Nd3 Rf5 31. Rxc6 Rxf3 32. Rxc8+ Bf8 33. gxf3 Qb7
34. Rd8 Qxf3 35. Nxb4 Kg7 36. Nc2 Qc6 37. Rc1 Qc3 38. Nxa3 Qa5 39. Rxf8 Kxf8
40. Nc4 Qf5+ 41. Kb2 Qxh3 42. a4 h5 43. a5 Qg2+ 44. Rc2 Qb7 45. Kc3 h4 46. Ra2
h3 47. a6 Qa7 48. b4 h2 49. Rxh2 Qxa6 50. Rb2 1/2-1/2

[Event "DEM U18 2003"]
[Site "Willingen GER"]
[Date "2003.06.13"]
[Round "8"]
[White "Zaragatski, Ilja"]
[Black "Rau, Hannes"]
[Result "1/2-1/2"]
[Termination "normal"]
[Board "2"]
[WhiteElo "2336"]
[BlackElo "2348"]
[PlyCount "47"]
[WhiteFideId "4655192"]
[BlackFideId "4657594"]
[EventCountry "GER"]
[EventRounds "9"]
[EventType "swiss"]
[EventDate "2003.06.07"]

1. e4 c5 2. Nf3 d6 3. d4 cxd4 4. Nxd4 Nf6 5. Nc3 Nc6 6. Bg5 e6 7. Qd2 a6 8.
O-O-O h6 9. Nxc6 bxc6 10. Bf4 d5 11. Qe3 Qa5 12. Be2 dxe4 13. Qg3 Nd5 14. Nxd5
cxd5 15. Kb1 Bd7 16. f3 Bb5 17. Rhe1 Bxe2 18. Rxe2 exf3 19. Qxf3 Be7 20. c4 O-O
21. cxd5 Rfd8 22. Red2 exd5 23. Rxd5 Qb6 24. Rxd8+ 1/2-1/2

[Event "DEM U18 2003"]
[Site "Willingen GER"]
[Date "2003.06.13"]
[Round "8"]
[White "Boguslavskyy, Oleg"]
[Black "Seifert, Volker"]
[Result "1-0"]
[Termination "normal"]
[Board "3"]
[WhiteElo "2299"]
[BlackElo "2319"]
[PlyCount "111"]
[WhiteFideId "14113929"]
[BlackFideId "4658060"]
[EventCountry "GER"]
[EventRounds "9"]
[EventType "swiss"]
[EventDate "2003.06.07"]

1. e4 e6 2. d4 d5 3. Nc3 Bb4 4. exd5 exd5 5. Bd3 Nc6 6. a3 Bxc3+ 7. bxc3 Nf6 8.
Ne2 O-O 9. O-O Na5 10. Ng3 Re8 11. Bg5 h6 12. Bf4 Nc4 13. Re1 c6 14. f3 Rxe1+
15. Qxe1 Be6 16. Be5 Qe7 17. a4 Re8 18. Qf2 Nd7 19. Re1 f6 20. Bf4 Qf7 21. Bxc4
dxc4 22. Ne4 Bd5 23. Nd6 Rxe1+ 24. Qxe1 Qe6 25. Qxe6+ Bxe6 26. Nxb7 Bf5 27. a5
Bxc2 28. Nd6 Bb3 29. Nc8 a6 30. Ne7+ Kf7 31. Nxc6 Ba4 32. Nb4 Bb5 33. Kf2 Nf8
34. d5 Ke7 35. Ke3 g5 36. Bg3 f5 37. Be5 Ng6 38. f4 g4 39. g3 h5 40. Kd4 h4 41.
Nc2 h3 42. Ne3 Bd7 43. Nxc4 Nh4 44. Nd2 Nf3+ 45. Nxf3 gxf3 46. Ke3 Ba4 47. Kxf3
Bb3 48. d6+ Kd7 49. g4 Bd1+ 50. Kg3 Bxg4 51. c4 Be2 52. Kxh3 Bxc4 53. Kh4 Bf1
54. Kg5 Bh3 55. Kf6 Bg4 56. h4 1-0

[Event "DEM U18 2003"]
[Site "Willingen GER"]
[Date "2003.06.13"]
[Round "8"]
[White "Bindrich, Falko"]
[Black "Meinhardt, Maximilian"]
[Result "1/2-1/2"]
[Termination "normal"]
[Board "4"]
[WhiteElo "2284"]
[BlackElo "2225"]
[PlyCount "61"]
[WhiteFideId "4676670"]
[BlackFideId "4668766"]
[EventCountry "GER"]
[EventRounds "9"]
[EventType "swiss"]
[EventDate "2003.06.07"]

1. e4 e6 2. d4 d5 3. Nc3 Nf6 4. e5 Nfd7 5. Nce2 c5 6. f4 Nc6 7. Nf3 b5 8. a3
Rb8 9. c3 a5 10. dxc5 Nxc5 11. Ned4 Nxd4 12. cxd4 Ne4 13. Bd3 f5 14. exf6 Nxf6
15. Ng5 Qd7 16. Qc2 Ne4 17. O-O g6 18. Be3 Bg7 19. Nxe4 dxe4 20. Bxe4 O-O 21.
Rfd1 Bb7 22. Bxb7 Qxb7 23. Rac1 Rbc8 24. Qd3 Rfd8 25. Rxc8 Rxc8 26. Rc1 Rxc1+
27. Bxc1 Qd5 28. Be3 Kf7 29. Kf2 Ke7 30. Qc3 Qc4 31. Ke1 1/2-1/2